UM Logo

Microeconomic theory / (Record no. 6897)

MARC details
000 -LEADER
fixed length control field 00573nam a2200169 4500
008 - FIXED-LENGTH DATA ELEMENTS--GENERAL INFORMATION
fixed length control field 170517b xxu||||| |||| 00| 0 eng d
020 ## - INTERNATIONAL STANDARD BOOK NUMBER
International Standard Book Number 0-07-049313-8 (recycled paper)
082 ## - DEWEY DECIMAL CLASSIFICATION NUMBER
Edition number 1995
Classification number DC 338.5
Item number L96
100 ## - MAIN ENTRY--PERSONAL NAME
9 (RLIN) 20875
Personal name Luenberger, David G., 1937-
245 ## - TITLE STATEMENT
Title Microeconomic theory /
Statement of responsibility, etc. David G. Luenberger
250 ## - EDITION STATEMENT
Edition statement International ed
260 ## - PUBLICATION, DISTRIBUTION, ETC. (IMPRINT)
Place of publication, distribution, etc. New York :
Name of publisher, distributor, etc. McGraw-Hill,
Date of publication, distribution, etc. ©1995.
300 ## - PHYSICAL DESCRIPTION
Extent xviii, 486 pages :
Other physical details illustration ; X
Dimensions 25 cm.
500 ## - GENERAL NOTE
General note Includes bibliographical references and index.
650 #0 - SUBJECT ADDED ENTRY--TOPICAL TERM
9 (RLIN) 20877
Topical term or geographic name as entry element Microeconomics.
942 ## - ADDED ENTRY ELEMENTS (KOHA)
Source of classification or shelving scheme Dewey Decimal Classification
Koha item type Circulation
Holdings
Withdrawn status Lost status Source of classification or shelving scheme Damaged status Not for loan Collection code Home library Current library Date acquired Source of acquisition Total Checkouts Full call number Barcode Date last seen Copy number Price effective from Koha item type
    Dewey Decimal Classification     Circulation UM Digos College - LIC UM Digos College - LIC 02/11/2000 Purchased   DC 338.5 L96 1995 13713 05/15/2025 1 05/17/2017 Circulation